Dostavba prieluky, Radlinského ulica, Bratislava

Salvato in:
Dettagli Bibliografici
Autore principale: Hantabalová, Mária (Autore)
Altri autori: Schleicher, Alexander (Relatore della tesi)
Natura: Manoscritto Libro
Lingua:slovacco
Pubblicazione: Bratislava 2022
Soggetti:
Accesso online:http://is.stuba.sk/zp/portal_zp.pl?podrobnosti=152697
Tags: Aggiungi Tag
Nessun Tag, puoi essere il primo ad aggiungerne!!

MARC

LEADER 00000ntm a22000003a 4500
001 stuzp89535
003 SK-STU
005 20221025095254.0
007 ta
008 150427s2015----xo-----f-mn---000-0-slo-d
040 |a STU  |b slo 
041 0 |a slo 
100 1 |a Hantabalová, Mária  |u 058180  |4 aut  |U FAD Fakulta architektúry a dizajnu  |T FAD Ústav architektúry občianskych budov  |X 99309  |U A8180  |Y 399  |7 99309 
242 0 1 |a Gap Building, Radlinského Street, Bratislava  |y eng 
245 1 0 |a Dostavba prieluky, Radlinského ulica, Bratislava 
260 |c 2022  |a Bratislava 
650 4 |a Knižnica  |2 slo 
650 4 |a komunitná záhrada  |2 slo 
650 4 |a multifunkčná hala  |2 slo 
650 4 |a kaviareň  |2 slo 
650 4 |a Library  |2 eng 
650 4 |a cafe  |2 eng 
650 4 |a multifunctional hall  |2 eng 
650 4 |a community garden  |2 eng 
700 1 |a Schleicher, Alexander  |u 058180  |k Z1  |4 ths  |U FAD Fakulta architektúry a dizajnu  |T FAD Ústav architektúry občianskych budov  |X 472  |U A8180  |Y 399  |7 A000000472 
856 4 |u http://is.stuba.sk/zp/portal_zp.pl?podrobnosti=152697  |u https://opac.crzp.sk/?fn=detailBiblioForm&sid=62A48EA6D8C294D559C2B5542714